[Event "CAN/QC op"]
[Site "Montreal CAN"]
[Date "2002.07.20"]
[Round "9"]
[White "Clement, Michel"]
[Black "Morin, Louis"]
[Result "1-0"]
[WhiteElo "2091"]
[BlackElo "1864"]
[PlyCount "35"]
[EventDate "2002.07.13"]
[EventType "swiss"]
[EventRounds "9"]
[EventCountry "CAN"]

1. e4 e5 2. d4 exd4 3. c3 dxc3 4. Bc4 cxb2 5. Bxb2 d5 6. Bxd5 Nf6 7. Nc3 Nxd5
8. Nxd5 c6 9. Nf6+ Ke7 10. Ba3+ Ke6 11. Qg4+ Kxf6 12. e5+ Kxe5 13. Nf3+ Kf6 14.
Qg5+ Ke6 15. Qe5+ Kd7 16. Rd1+ Bd6 17. Qxd6+ Ke8 18. Qxd8# 1-0

[Event "CAN/QC op"]
[Site "Montreal CAN"]
[Date "2002.07.20"]
[Round "9"]
[White "Fernandez, John"]
[Black "Dydak, Mateusz"]
[Result "1-0"]
[WhiteElo "2133"]
[BlackElo "1945"]
[PlyCount "99"]
[EventDate "2002.07.13"]
[EventType "swiss"]
[EventRounds "9"]
[EventCountry "CAN"]

1. e4 e6 2. d4 d5 3. Nd2 c5 4. Ngf3 Nc6 5. exd5 exd5 6. Bb5 Nf6 7. O-O Be6 8.
Re1 Bd6 9. dxc5 Bxc5 10. Nb3 Qb6 11. Nxc5 Qxc5 12. Nd4 O-O 13. Bxc6 bxc6 14.
Rxe6 fxe6 15. Nxe6 Qb6 16. Nxf8 Rxf8 17. Be3 Qxb2 18. Bxa7 Ra8 19. Bd4 Qb7 20.
Bxf6 gxf6 21. Qg4+ Kh8 22. Qd4 Kg7 23. a4 c5 24. Qxc5 Rxa4 25. Re1 Re4 26. Rd1
Rc4 27. Qxd5 Qxd5 28. Rxd5 Rxc2 29. g4 Rc4 30. h3 Kg6 31. Kg2 Ra4 32. Kg3 Ra3+
33. f3 Ra1 34. h4 Ra3 35. h5+ Kh6 36. Rd7 Ra5 37. Rf7 f5 38. f4 Ra3+ 39. Kh4
fxg4 40. Kxg4 Ra4 41. Rf6+ Kg7 42. Rb6 Rc4 43. h6+ Kf7 44. Kg5 Rc5+ 45. f5 Rc7
46. Rb8 Rc1 47. Rb7+ Kg8 48. Kf6 Rc6+ 49. Ke7 Rxh6 50. f6 1-0

[Event "CAN/QC op"]
[Site "Montreal CAN"]
[Date "2002.07.20"]
[Round "9"]
[White "Fillion, Steve"]
[Black "Rouleau, Paul"]
[Result "1-0"]
[WhiteElo "2122"]
[BlackElo "1930"]
[PlyCount "51"]
[EventDate "2002.07.13"]
[EventType "swiss"]
[EventRounds "9"]
[EventCountry "CAN"]

1. d4 Nf6 2. Nf3 e6 3. Bf4 c5 4. e3 Nc6 5. Nbd2 d6 6. c3 Be7 7. Bd3 O-O 8. Qc2
Re8 9. g4 g6 10. h3 cxd4 11. Nxd4 e5 12. Nxc6 bxc6 13. Bg3 Bf8 14. O-O-O d5 15.
f4 Bd6 16. fxe5 Bxe5 17. Bxe5 Rxe5 18. e4 dxe4 19. Nxe4 Nd5 20. Qf2 Qe7 21.
Rhe1 Ba6 22. Bxa6 Rxe4 23. Rxe4 Qxe4 24. Bb7 Nxc3 25. bxc3 Rb8 26. Rd7 1-0

[Event "CAN/QC op"]
[Site "Montreal CAN"]
[Date "2002.07.20"]
[Round "9"]
[White "Laptos, Kris"]
[Black "Singher, Jean-Pierre"]
[Result "1/2-1/2"]
[WhiteElo "2220"]
[BlackElo "1948"]
[PlyCount "94"]
[EventDate "2002.07.13"]
[EventType "swiss"]
[EventRounds "9"]
[EventCountry "CAN"]

1. d4 Nf6 2. Bg5 Ne4 3. Bf4 d5 4. e3 c5 5. f3 Nf6 6. Nc3 e6 7. Qd2 a6 8. g4 Nc6
9. Nge2 Be7 10. Bg2 cxd4 11. exd4 b5 12. O-O Qb6 13. Kh1 h6 14. Rad1 Bb7 15.
Be5 Nxe5 16. dxe5 Nd7 17. f4 h5 18. g5 g6 19. Nd4 Nc5 20. Nb3 Nxb3 21. axb3 Bc5
22. Ne2 Be3 23. Qd3 Rc8 24. c3 Bc5 25. b4 Be7 26. Nd4 Rc4 27. Ra1 Rxd4 28. cxd4
Bxb4 29. Bf3 Kd7 30. Rfc1 Bc6 31. Rc2 Be7 32. Be2 Qb7 33. Rac1 Rc8 34. Bf3 Bd8
35. Kg2 Bb6 36. Qa3 Ke8 37. Qd6 Bd7 38. Rxc8+ Bxc8 39. Rxc8+ Qxc8 40. Qxb6 Qc2+
41. Kh3 Qf5+ 42. Kg3 h4+ 43. Kf2 Qxf4 44. Qc6+ Kf8 45. Qc3 Qxh2+ 46. Bg2 Qf4+
47. Kg1 Qxg5 1/2-1/2

[Event "CAN/QC op"]
[Site "Montreal CAN"]
[Date "2002.07.20"]
[Round "9"]
[White "Lezaic, Jovan"]
[Black "Ibrahim, Anthony"]
[Result "0-1"]
[WhiteElo "1982"]
[BlackElo "2183"]
[PlyCount "76"]
[EventDate "2002.07.13"]
[EventType "swiss"]
[EventRounds "9"]
[EventCountry "CAN"]

1. d4 Nf6 2. c4 g6 3. Nc3 Bg7 4. Nf3 O-O 5. Bg5 d6 6. Qd2 c6 7. Bh6 Nbd7 8.
Bxg7 Kxg7 9. Rd1 Qa5 10. a3 e5 11. e3 Qc7 12. b4 Re8 13. Be2 e4 14. Nh4 Nf8 15.
g3 Bh3 16. Rg1 g5 17. Ng2 Ng4 18. Bxg4 Bxg4 19. Ne2 Ng6 20. h4 h6 21. Qb2 f6
22. Rc1 Qd7 23. d5 Ne5 24. Kf1 Nd3 25. Qc2 Bxe2+ 26. Kxe2 Qg4+ 27. Kf1 Nxc1 28.
Qxc1 cxd5 29. hxg5 hxg5 30. c5 Qf5 31. cxd6 Rec8 32. Qd1 Rc6 33. Rh1 Qf3 34.
Qd2 Rac8 35. Rh2 Rc2 36. Qe1 Rc1 37. d7 R8c2 38. Kg1 Qxf2+ 0-1

[Event "CAN/QC op"]
[Site "Montreal CAN"]
[Date "2002.07.20"]
[Round "9"]
[White "Linskiy, Oleg"]
[Black "Ramaswamy, Kishor"]
[Result "1-0"]
[WhiteElo "2473"]
[BlackElo "2002"]
[PlyCount "68"]
[EventDate "2002.07.13"]
[EventType "swiss"]
[EventRounds "9"]
[EventCountry "CAN"]

1. e4 c6 2. d4 d5 3. exd5 cxd5 4. Bd3 Nc6 5. c3 Qc7 6. h3 e6 7. Nf3 Nf6 8. O-O
Bd7 9. Qe2 Bd6 10. Re1 O-O 11. Nbd2 Rab8 12. Ne5 b5 13. a3 a5 14. b4 axb4 15.
axb4 Ne7 16. Bb2 Rb6 17. Ra5 Rfb8 18. Nb3 Be8 19. Nc5 Qd8 20. Bc1 Nc8 21. Bg5
Be7 22. Rea1 Nd6 23. Qf3 Nc4 24. Ra7 Nxe5 25. dxe5 Nd7 26. Bxe7 Qxe7 27. Nxd7
Bxd7 28. Rc7 Rc8 29. Rxc8+ Bxc8 30. Qe3 Qc7 31. Qc5 Qb7 32. Ra7 Qb8 33. Rc7 Ba6
34. Qe7 Qf8 1-0

[Event "CAN/QC op"]
[Site "Montreal CAN"]
[Date "2002.07.20"]
[Round "9"]
[White "Lipnowski, Irwin"]
[Black "Shah, Omar"]
[Result "1-0"]
[WhiteElo "2416"]
[BlackElo "1995"]
[PlyCount "99"]
[EventDate "2002.07.13"]
[EventType "swiss"]
[EventRounds "9"]
[EventCountry "CAN"]

1. c4 c5 2. g3 Nf6 3. Bg2 g6 4. Nc3 Bg7 5. e3 O-O 6. Nge2 d6 7. O-O Nbd7 8. b3
Rb8 9. Bb2 a6 10. a4 Ne5 11. d4 Nc6 12. d5 Nb4 13. Qd2 Bd7 14. a5 Qc8 15. Na4
Bh3 16. f3 Bxg2 17. Kxg2 Qf5 18. e4 Qh5 19. Nb6 Rbd8 20. Rad1 g5 21. g4 Qg6 22.
Ng3 Ne8 23. Ba3 Be5 24. Bxb4 cxb4 25. Qxb4 Ng7 26. Qd2 h5 27. h3 Qf6 28. Ne2
Qh6 29. Rh1 f5 30. exf5 Nxf5 31. gxf5 Rxf5 32. Nd4 Bxd4 33. Qxd4 Rf4 34. Qe3 g4
35. Qe6+ Qxe6 36. dxe6 Rxf3 37. hxg4 Rdf8 38. Nd5 Rf2+ 39. Kg3 R8f3+ 40. Kh4
Kf8 41. Kxh5 Re2 42. Rde1 Rh3+ 43. Rxh3 Rxe1 44. Nf4 Kg7 45. g5 Re5 46. Kg4
Rxa5 47. g6 Re5 48. Rh7+ Kg8 49. Rxe7 b5 50. Nd5 1-0

[Event "CAN/QC op"]
[Site "Montreal CAN"]
[Date "2002.07.20"]
[Round "9"]
[White "Masse, Hugues"]
[Black "Gilman, Arkadiy"]
[Result "1/2-1/2"]
[WhiteElo "2105"]
[BlackElo "1977"]
[PlyCount "40"]
[EventDate "2002.07.13"]
[EventType "swiss"]
[EventRounds "9"]
[EventCountry "CAN"]

1. e4 e6 2. d4 d5 3. e5 c5 4. c3 Nc6 5. Nf3 Bd7 6. Be2 Nge7 7. Na3 cxd4 8. cxd4
Nf5 9. Nc2 Be7 10. O-O Qb6 11. Rb1 Na5 12. Ne3 Nxe3 13. Bxe3 Bb5 14. Bxb5+ Qxb5
15. Bg5 Bxg5 16. Nxg5 h6 17. Nf3 O-O 18. Qd2 Rac8 19. Rfc1 Rxc1+ 20. Rxc1 Nc4
1/2-1/2

[Event "CAN/QC op"]
[Site "Montreal CAN"]
[Date "2002.07.20"]
[Round "9"]
[White "McDonough, Jonathan"]
[Black "Leriche, Felix"]
[Result "0-1"]
[WhiteElo "2003"]
[BlackElo "2204"]
[PlyCount "78"]
[EventDate "2002.07.13"]
[EventType "swiss"]
[EventRounds "9"]
[EventCountry "CAN"]

1. d4 d5 2. Nf3 c6 3. Nbd2 Bg4 4. e4 dxe4 5. Nxe4 Bxf3 6. gxf3 Nf6 7. Bc4 e6 8.
Rg1 Qc7 9. Rg2 Nbd7 10. Bg5 h6 11. Bh4 Nd5 12. Bg3 Nf4 13. Bxf4 Qxf4 14. Qe2
O-O-O 15. Qe3 Qc7 16. O-O-O Nf6 17. Nxf6 gxf6 18. Kb1 h5 19. h4 Bh6 20. Qe4 f5
21. Qe1 Qf4 22. Qc3 Kb8 23. a4 Qxh4 24. a5 a6 25. Ka2 Qe7 26. Rgg1 h4 27. f4
Bxf4 28. Rd3 Ka8 29. Rgd1 Bd6 30. Qb3 Bb4 31. Qa4 h3 32. Rb3 h2 33. Rxb4 Rxd4
34. Rh1 Qc5 35. f3 Rhh4 36. Kb3 Rdf4 37. c3 Qg1 38. Rxb7 Rxc4 39. Rb4 Qxh1 0-1

[Event "CAN/QC op"]
[Site "Montreal CAN"]
[Date "2002.07.20"]
[Round "9"]
[White "Meng, Fanhao"]
[Black "Ochkoos, Jura"]
[Result "1/2-1/2"]
[WhiteElo "2116"]
[BlackElo "2251"]
[PlyCount "107"]
[EventDate "2002.07.13"]
[EventType "swiss"]
[EventRounds "9"]
[EventCountry "CAN"]

1. e4 e5 2. Nf3 Nc6 3. Bb5 Nf6 4. O-O Nxe4 5. d4 Nd6 6. Bxc6 dxc6 7. dxe5 Nf5
8. Qxd8+ Kxd8 9. Rd1+ Ke8 10. Bg5 Be6 11. Nc3 h6 12. Bf4 Rd8 13. Rxd8+ Kxd8 14.
Rd1+ Kc8 15. h3 Bb4 16. Ne2 Rd8 17. Rxd8+ Kxd8 18. a3 Bc5 19. g4 Ne7 20. Nfd4
Bc4 21. Kg2 g5 22. Bg3 Ng6 23. c3 Bf8 24. Ng1 c5 25. Nf5 Kd7 26. h4 gxh4 27.
Nxh4 Nxh4+ 28. Bxh4 a5 29. f4 b5 30. Kf3 b4 31. axb4 cxb4 32. cxb4 axb4 33. Ke4
c5 34. Nf3 Kc6 35. Nd2 Bd5+ 36. Kd3 Kb5 37. f5 Bg7 38. f6 Bf8 39. b3 Bxb3 40.
Nxb3 c4+ 41. Kc2 cxb3+ 42. Kxb3 Kc5 43. g5 hxg5 44. Bxg5 Kd5 45. Bf4 Bc5 46.
Bg3 Bd4 47. Kxb4 Bxe5 48. Bh4 Ke6 49. Kc4 Bxf6 50. Bf2 Kf5 51. Kd3 Kg4 52. Ke2
Bh4 53. Be3 Kf5 54. Kf1 1/2-1/2

[Event "CAN/QC op"]
[Site "Montreal CAN"]
[Date "2002.07.20"]
[Round "9"]
[White "Mikanovic, Goran"]
[Black "Lemieux, Serge"]
[Result "1-0"]
[WhiteElo "2314"]
[BlackElo "1656"]
[PlyCount "87"]
[EventDate "2002.07.13"]
[EventType "swiss"]
[EventRounds "9"]
[EventCountry "CAN"]

1. d4 d5 2. c4 e6 3. Nc3 c6 4. e3 Nf6 5. Nf3 Nbd7 6. Qc2 h6 7. Bd3 dxc4 8. Bxc4
Be7 9. O-O b5 10. Be2 Bb7 11. Rd1 Rc8 12. a3 O-O 13. b4 Nd5 14. e4 Nxc3 15.
Qxc3 Nf6 16. Nd2 Qc7 17. Bf3 Rfd8 18. Bb2 Bf8 19. Re1 Qe7 20. Nb3 Nd7 21. Na5
Ba8 22. Rac1 Nb6 23. Ba1 Rd7 24. Rc2 Rdc7 25. Rec1 Qe8 26. h4 Nd7 27. h5 Nf6
28. Qe3 Nh7 29. Be2 Qd7 30. e5 Be7 31. f4 f5 32. Bf3 Qe8 33. d5 Ng5 34. d6
Nxf3+ 35. Qxf3 c5 36. Qe2 Rd7 37. dxe7 Qxe7 38. Rxc5 Rcd8 39. Rc8 Qe8 40. Rxd8
Qxd8 41. Nb3 Bxg2 42. Kxg2 Qa8+ 43. Kg3 Qd8 44. Bd4 1-0

[Event "CAN/QC op"]
[Site "Montreal CAN"]
[Date "2002.07.20"]
[Round "9"]
[White "Moskvitch, Andrei"]
[Black "Plante, Michel"]
[Result "0-1"]
[WhiteElo "2195"]
[BlackElo "1947"]
[PlyCount "60"]
[EventDate "2002.07.13"]
[EventType "swiss"]
[EventRounds "9"]
[EventCountry "CAN"]

1. e4 e5 2. Nf3 d6 3. d4 Nf6 4. Nc3 Nbd7 5. Bc4 Be7 6. O-O O-O 7. h3 c6 8. a4
b6 9. Qe2 a6 10. d5 c5 11. Nd1 Kh8 12. Kh2 Ne8 13. g4 Ndf6 14. Rg1 g6 15. Bh6
Ng7 16. Bd3 Ng8 17. Bxg7+ Kxg7 18. Ne3 Bg5 19. Nxg5 Qxg5 20. Nc4 Qd8 21. f4 f6
22. fxe5 fxe5 23. Ne3 g5 24. Nf5+ Kh8 25. h4 Ra7 26. Raf1 a5 27. hxg5 Qxg5 28.
Qe3 Rxf5 29. Qxg5 Rxg5 30. Rf8 Bxg4 0-1

[Event "CAN/QC op"]
[Site "Montreal CAN"]
[Date "2002.07.20"]
[Round "9"]
[White "Nogueiras, Jesus"]
[Black "Legky, Nikolay"]
[Result "1/2-1/2"]
[WhiteElo "2587"]
[BlackElo "2465"]
[PlyCount "47"]
[EventDate "2002.07.13"]
[EventType "swiss"]
[EventRounds "9"]
[EventCountry "CAN"]

1. c4 e6 2. Nc3 d5 3. d4 Nf6 4. Bg5 Nbd7 5. e3 Be7 6. Nf3 h6 7. Bh4 O-O 8. Qb3
dxc4 9. Bxc4 c5 10. O-O a6 11. a4 cxd4 12. exd4 Nb6 13. Bd3 Nbd5 14. Ne5 Nb4
15. Rfd1 a5 16. Bb5 Nfd5 17. Bg3 Bh4 18. Re1 Bxg3 19. hxg3 Ne7 20. Rad1 b6 21.
Bc4 Ba6 22. Bxa6 Rxa6 23. Qc4 Ra8 24. Qb5 1/2-1/2

[Event "CAN/QC op"]
[Site "Montreal CAN"]
[Date "2002.07.20"]
[Round "9"]
[White "Roy, Alain"]
[Black "Khassanov, Marat"]
[Result "0-1"]
[WhiteElo "2170"]
[BlackElo "2375"]
[PlyCount "61"]
[EventDate "2002.07.13"]
[EventType "swiss"]
[EventRounds "9"]
[EventCountry "CAN"]

1. d4 d5 2. Nf3 Bg4 3. Ne5 Bf5 4. c4 f6 5. Nf3 c6 6. Nc3 e6 7. cxd5 exd5 8. e3
Nd7 9. Bd3 Nh6 10. O-O Bxd3 11. Qxd3 f5 12. Rb1 Bd6 13. b4 a6 14. Na4 Qe7 15.
Nc5 Nf6 16. Ne5 a5 17. a3 axb4 18. axb4 Bxe5 19. dxe5 Nfg4 20. Bb2 Nxh2 21.
Nxb7 O-O 22. Nd6 Nxf1 23. Kxf1 Ng4 24. Qc2 Qh4 25. e6 Qh1+ 26. Ke2 Qxg2 27. Bd4
Nxf2 28. Ke1 Qh1+ 29. Ke2 Qh2 30. Nf7 Ne4+ 31. Kf3 0-1

[Event "CAN/QC op"]
[Site "Montreal CAN"]
[Date "2002.07.20"]
[Round "9"]
[White "Sarwer, Jeff"]
[Black "Boulay, David"]
[Result "0-1"]
[WhiteElo "2336"]
[BlackElo "2190"]
[PlyCount "98"]
[EventDate "2002.07.13"]
[EventType "swiss"]
[EventRounds "9"]
[EventCountry "CAN"]

1. d4 Nf6 2. c4 e6 3. Nc3 Bb4 4. Qb3 c5 5. e3 O-O 6. Bd3 Nc6 7. Nge2 b6 8. a3
Bxc3+ 9. Qxc3 Qe7 10. O-O Bb7 11. b3 Rfd8 12. Bb2 cxd4 13. Nxd4 d5 14. Nxc6
Bxc6 15. Rac1 dxc4 16. Bxc4 Rac8 17. Qe5 h6 18. h3 Bb7 19. a4 Rc5 20. Ba3 Rxe5
21. Bxe7 Rd7 22. Bxf6 gxf6 23. Bb5 Rd2 24. Rc7 Bd5 25. Be8 Rg5 26. Bxf7+ Kf8
27. g4 Rg7 28. Rxa7 Rxf7 29. Ra6 Rb7 30. Rb1 Rd3 31. b4 h5 32. Ra8+ Kg7 33.
gxh5 Kh7 34. h6 Kxh6 35. Rh8+ Kg7 36. Rh4 f5 37. Ra1 Kf6 38. Rh6+ Ke5 39. Rg6
Rb3 40. b5 Rb4 41. Kh2 Ra7 42. Kg3 Raxa4 43. f4+ Ke4 44. Rxa4 Rxa4 45. h4 Kxe3
46. h5 Ra1 47. Rg5 Rg1+ 48. Kh4 Rh1+ 49. Kg3 Kd4 0-1

[Event "CAN/QC op"]
[Site "Montreal CAN"]
[Date "2002.07.20"]
[Round "9"]
[White "Schleifer, Michael"]
[Black "Patterson, Roger"]
[Result "1/2-1/2"]
[WhiteElo "2362"]
[BlackElo "2246"]
[PlyCount "65"]
[EventDate "2002.07.13"]
[EventType "swiss"]
[EventRounds "9"]
[EventCountry "CAN"]

1. d4 Nf6 2. c4 e6 3. Nf3 b6 4. Bg5 Bb7 5. e3 h6 6. Bh4 Bb4+ 7. Nfd2 O-O 8. a3
Be7 9. Nc3 d5 10. cxd5 exd5 11. Be2 Ne4 12. Bxe7 Qxe7 13. Ncxe4 dxe4 14. Rc1 c6
15. O-O Nd7 16. Re1 c5 17. dxc5 Nxc5 18. b4 Ne6 19. Qc2 Rac8 20. Qa4 Ba8 21.
Rxc8 Rxc8 22. Bg4 Rd8 23. Nb3 Bd5 24. Bxe6 Bxe6 25. Nd4 Rc8 26. Qd1 Bd7 27. Qb1
Rc3 28. Qa1 Rc7 29. Rc1 Rxc1+ 30. Qxc1 Qe5 31. Qc4 Be6 32. Qc6 Qd5 33. Qc3
1/2-1/2

[Event "CAN/QC op"]
[Site "Montreal CAN"]
[Date "2002.07.20"]
[Round "9"]
[White "Trinh, Tri Bao"]
[Black "Chokshi, Manthan"]
[Result "0-1"]
[WhiteElo "1960"]
[BlackElo "2231"]
[PlyCount "60"]
[EventDate "2002.07.13"]
[EventType "swiss"]
[EventRounds "9"]
[EventCountry "CAN"]

1. e4 c5 2. c3 d5 3. exd5 Qxd5 4. d4 Nc6 5. Nf3 Bg4 6. Be2 e6 7. c4 Qd7 8. d5
Bxf3 9. Bxf3 Nd4 10. O-O e5 11. Re1 Bd6 12. Be3 Nxf3+ 13. Qxf3 Ne7 14. Nc3 f5
15. Bg5 Ng6 16. Nb5 O-O 17. Nxd6 Qxd6 18. Bd2 Rae8 19. Qa3 e4 20. b4 b6 21.
bxc5 bxc5 22. Rab1 f4 23. Rb7 e3 24. fxe3 f3 25. Rf1 fxg2 26. Rxf8+ Rxf8 27.
Qb2 Ne5 28. Bc3 Nf3+ 29. Kxg2 Qxh2+ 30. Kf1 Nd2+ 0-1

[Event "CAN/QC op"]
[Site "Montreal CAN"]
[Date "2002.07.20"]
[Round "9"]
[White "Urquhart, Eddie"]
[Black "Nguyen, Kim"]
[Result "1-0"]
[WhiteElo "2296"]
[BlackElo "1988"]
[PlyCount "45"]
[EventDate "2002.07.13"]
[EventType "swiss"]
[EventRounds "9"]
[EventCountry "CAN"]

1. e4 c5 2. Nc3 d6 3. f4 g6 4. Nf3 Bg7 5. Bc4 Nf6 6. O-O O-O 7. d3 Nc6 8. Qe1
Bg4 9. Qh4 Nd4 10. Nxd4 cxd4 11. Nd5 Be6 12. f5 Bxd5 13. exd5 Rc8 14. Bg5 b5
15. Bb3 Qb6 16. Rae1 Rc7 17. fxg6 hxg6 18. Rf3 a5 19. Rh3 Rfc8 20. Bh6 Bh8 21.
a4 bxa4 22. Bxa4 Qxb2 23. Bc1 1-0

[Event "CAN/QC op"]
[Site "Montreal CAN"]
[Date "2002.07.20"]
[Round "9"]
[White "Vaillancourt, Luc"]
[Black "Saint Amand, Paul"]
[Result "0-1"]
[WhiteElo "1897"]
[BlackElo "2214"]
[PlyCount "70"]
[EventDate "2002.07.13"]
[EventType "swiss"]
[EventRounds "9"]
[EventCountry "CAN"]

1. e4 c5 2. Nc3 Nc6 3. g3 g6 4. Bg2 Bg7 5. d3 d6 6. f4 e5 7. Nh3 Nge7 8. O-O
exf4 9. Nxf4 O-O 10. Ncd5 Nxd5 11. Nxd5 Be6 12. Nf4 Bd7 13. c3 Rc8 14. Re1 b5
15. a3 a5 16. Be3 Ne5 17. h3 a4 18. Qe2 Bc6 19. Rad1 Qe7 20. Bf2 Rfe8 21. Qe3
h5 22. Nd5 Qf8 23. Qf4 Bxd5 24. exd5 c4 25. dxc4 bxc4 26. Be4 f5 27. Bg2 Bh6
28. Qd4 Nd3 29. Re6 Qf7 30. Be3 Bg7 31. Qa7 Rxe6 32. dxe6 Qxe6 33. Bd4 Bxd4+
34. Qxd4 Rc5 35. Kf1 Qe5 0-1

[Event "CAN/QC op"]
[Site "Montreal CAN"]
[Date "2002.07.20"]
[Round "9"]
[White "Voskanyan, Vahagn"]
[Black "Feoktistov, Dmitri"]
[Result "0-1"]
[WhiteElo "2359"]
[BlackElo "2087"]
[PlyCount "86"]
[EventDate "2002.07.13"]
[EventType "swiss"]
[EventRounds "9"]
[EventCountry "CAN"]

1. e4 c6 2. Nc3 d5 3. Nf3 Bg4 4. h3 Bxf3 5. Qxf3 e6 6. g4 Nf6 7. Bg2 dxe4 8.
Nxe4 Nxe4 9. Qxe4 Nd7 10. d3 Qc7 11. Be3 Bd6 12. O-O-O Nf6 13. Qc4 Nd5 14. Bd4
O-O 15. Qb3 Be5 16. Bxe5 Qxe5 17. d4 Qf4+ 18. Rd2 Rab8 19. Re1 Rfd8 20. Re4 Qg5
21. Qg3 Rbc8 22. f4 Qf6 23. g5 Qf5 24. Rf2 f6 25. h4 Nc7 26. gxf6 Qxf6 27. c3
Rf8 28. Bh3 Rce8 29. Rfe2 Kh8 30. a3 Qh6 31. Kb1 Qf6 32. Ka1 Qf7 33. Rf2 Re7
34. Bf1 Qh5 35. Be2 Qf5 36. Bd3 Qh5 37. Re5 Qd1+ 38. Ka2 Ref7 39. Rh5 Qxh5 40.
Qe3 Nd5 41. Qg3 Rxf4 42. Rg2 Qf7 43. Qg5 e5 0-1

[Event "CAN/QC op"]
[Site "Montreal CAN"]
[Date "2002.07.20"]
[Round "9.85"]
[White "Strojevs, Alexander"]
[Black "Cote, Jean-Sebastien"]
[Result "0-1"]
[WhiteElo "1812"]
[BlackElo "1594"]
[PlyCount "48"]
[EventDate "2002.07.13"]
[EventType "swiss"]
[EventRounds "9"]
[EventCountry "CAN"]

1. d4 Nf6 2. c4 c5 3. d5 b5 4. cxb5 a6 5. bxa6 g6 6. Nc3 Bxa6 7. Nf3 Bg7 8. e4
Bxf1 9. Kxf1 d6 10. g3 O-O 11. h3 Nbd7 12. Kg2 Qa5 13. Re1 Rfb8 14. Qc2 Rb6 15.
Re2 Ne8 16. Nd2 Rba6 17. a3 Qb6 18. Nc4 Qb7 19. Rb1 Nc7 20. h4 Bxc3 21. Qxc3
Nb5 22. Qd2 Nd4 23. Re1 Ne5 24. Nxe5 dxe5 0-1

[Event "CAN/QC op"]
[Site "Montreal CAN"]
[Date "2002.07.21"]
[Round "10"]
[White "Bolduc, Steve"]
[Black "Nogueiras, Jesus"]
[Result "0-1"]
[WhiteElo "2268"]
[BlackElo "2587"]
[PlyCount "58"]
[EventDate "2002.07.13"]
[EventType "swiss"]
[EventRounds "9"]
[EventCountry "CAN"]

1. d4 e6 2. c4 b6 3. a3 Bb7 4. Nc3 f5 5. d5 Nf6 6. g3 a5 7. Bg2 Na6 8. Nh3 Bd6
9. Bf4 e5 10. Bd2 Nc5 11. b4 axb4 12. axb4 Rxa1 13. Qxa1 Nb3 14. Qa7 Qc8 15.
Nb5 Nxd2 16. Nxd6+ cxd6 17. Kxd2 Qxc4 18. Qxb7 Qxb4+ 19. Kc2 Qc4+ 20. Kb1 Qb3+
21. Ka1 Qc3+ 22. Ka2 Qc4+ 23. Kb1 Ke7 24. Rc1 Qb3+ 25. Ka1 Qa4+ 26. Kb2 Ra8 27.
Rb1 Qb4+ 28. Kc1 Qc3+ 29. Kd1 Ra2 0-1

[Event "CAN/QC op"]
[Site "Montreal CAN"]
[Date "2002.07.21"]
[Round "10"]
[White "Chokshi, Manthan"]
[Black "Burnett, Ronald"]
[Result "1-0"]
[WhiteElo "2231"]
[BlackElo "2404"]
[PlyCount "61"]
[EventDate "2002.07.13"]
[EventType "swiss"]
[EventRounds "9"]
[EventCountry "CAN"]

1. e4 g6 2. d4 Bg7 3. Nc3 d6 4. Be3 a6 5. Qd2 b5 6. f3 Nd7 7. O-O-O Bb7 8. h4
h5 9. Nh3 c5 10. dxc5 Nxc5 11. Bd4 Bxd4 12. Qxd4 Nf6 13. e5 Ne6 14. Qb4 Nd7 15.
exd6 Ndc5 16. dxe7 Qxe7 17. Nf4 Nc7 18. Qd4 O-O 19. Qd6 Qe3+ 20. Kb1 b4 21. Bc4
N7e6 22. Nxe6 Nxe6 23. Rhe1 Qf4 24. Bxe6 Qxd6 25. Rxd6 bxc3 26. Bb3 Rfd8 27.
Rxg6+ Kf8 28. Rg5 a5 29. a4 cxb2 30. Rxh5 Rab8 31. Rh8+ 1-0

[Event "CAN/QC op"]
[Site "Montreal CAN"]
[Date "2002.07.21"]
[Round "10"]
[White "Dubuc, Gabriel"]
[Black "Fernandez, John"]
[Result "0-1"]
[WhiteElo "1922"]
[BlackElo "2133"]
[PlyCount "70"]
[EventDate "2002.07.13"]
[EventType "swiss"]
[EventRounds "9"]
[EventCountry "CAN"]

1. e4 e5 2. Nf3 d6 3. d4 Nd7 4. c3 Ngf6 5. Bg5 h6 6. Bh4 g5 7. Bg3 Nxe4 8. Bc4
Nxg3 9. fxg3 Bg7 10. Nbd2 O-O 11. h4 g4 12. Ng5 hxg5 13. Qc2 e4 14. O-O-O Nb6
15. Nxe4 Nxc4 16. hxg5 Bf5 17. Nf6+ Qxf6 18. gxf6 Bxc2 19. fxg7 Kxg7 20. Rdf1
Bg6 21. b3 Nb6 22. Re1 Rae8 23. Kd2 f5 24. c4 Rxe1 25. Rxe1 Re8 26. Rxe8 Bxe8
27. Kd3 Kf6 28. a3 Nd7 29. b4 Nf8 30. b5 d5 31. a4 dxc4+ 32. Kxc4 Ke6 33. d5+
Kd6 34. Kd4 Bf7 35. a5 Bxd5 0-1

[Event "CAN/QC op"]
[Site "Montreal CAN"]
[Date "2002.07.21"]
[Round "10"]
[White "Forget, Luc"]
[Black "Masse, Hugues"]
[Result "1/2-1/2"]
[WhiteElo "1818"]
[BlackElo "2105"]
[PlyCount "82"]
[EventDate "2002.07.13"]
[EventType "swiss"]
[EventRounds "9"]
[EventCountry "CAN"]

1. c4 Nf6 2. Nf3 g6 3. b4 Bg7 4. Bb2 O-O 5. g3 c6 6. Bg2 d5 7. cxd5 cxd5 8. O-O
Nbd7 9. d3 b6 10. Nbd2 Bb7 11. Rc1 a5 12. b5 Nc5 13. a4 Rc8 14. Rc2 Re8 15. Qa1
Qd6 16. Rfc1 Nh5 17. Bxg7 Nxg7 18. d4 Nd7 19. Rxc8 Rxc8 20. Rxc8+ Bxc8 21. Qc3
Bb7 22. Nb3 Ne8 23. Nc1 Nef6 24. Nd3 Ne4 25. Qc2 f6 26. Bh3 Kg7 27. e3 Nf8 28.
Nfe1 Qd8 29. Nf4 Qd6 30. Bg2 Qd7 31. Ned3 g5 32. Ne2 Ng6 33. Nb2 Nd6 34. Qc1 h5
35. h3 h4 36. g4 e6 37. f4 Qe7 38. Kf2 Qd8 39. Qc2 Qc8 40. Qxc8 Bxc8 41. fxg5
fxg5 1/2-1/2

[Event "CAN/QC op"]
[Site "Montreal CAN"]
[Date "2002.07.21"]
[Round "10"]
[White "Gagnon, Michel"]
[Black "Trahan, Daniel"]
[Result "1-0"]
[WhiteElo "2212"]
[BlackElo "1986"]
[PlyCount "49"]
[EventDate "2002.07.13"]
[EventType "swiss"]
[EventRounds "9"]
[EventCountry "CAN"]

1. e4 c5 2. Nf3 e6 3. Nc3 Nc6 4. d4 cxd4 5. Nxd4 Qc7 6. g3 a6 7. Bg2 Nf6 8. O-O
Be7 9. Nb3 O-O 10. Be3 d6 11. a4 b6 12. f4 Bb7 13. Qe2 Rac8 14. g4 Nd7 15. g5
Nb4 16. Nd4 Qc4 17. Qg4 g6 18. Rf2 Rfe8 19. Bf1 Qc5 20. Re1 Qc7 21. Nxe6 Qb8
22. Bd4 Nc6 23. Nd5 Nxd4 24. Nxd4 Bxd5 25. exd5 1-0

[Event "CAN/QC op"]
[Site "Montreal CAN"]
[Date "2002.07.21"]
[Round "10"]
[White "Ibrahim, Anthony"]
[Black "Benen, Samson"]
[Result "1-0"]
[WhiteElo "2183"]
[BlackElo "2256"]
[PlyCount "61"]
[EventDate "2002.07.13"]
[EventType "swiss"]
[EventRounds "9"]
[EventCountry "CAN"]

1. e4 e5 2. Nf3 Nc6 3. d4 exd4 4. Nxd4 Bb4+ 5. c3 Bc5 6. Be3 Bb6 7. Bc4 d6 8.
O-O Qe7 9. Re1 Bd7 10. Nf5 Qf6 11. Bxb6 axb6 12. Ne3 Nge7 13. Nd2 O-O 14. Rf1
Ne5 15. Be2 N5g6 16. g3 Bh3 17. Re1 Qg5 18. Kh1 f5 19. f4 Qf6 20. Bc4+ Kh8 21.
Qh5 Bg4 22. Nxg4 fxg4 23. Qxg4 c6 24. Nf3 b5 25. Bb3 Ng8 26. Qe6 Rae8 27. Qxf6
Nxf6 28. Ng5 Re7 29. Rad1 h6 30. Ne6 Rfe8 31. Rxd6 1-0

[Event "CAN/QC op"]
[Site "Montreal CAN"]
[Date "2002.07.21"]
[Round "10"]
[White "Khassanov, Marat"]
[Black "Degraeve, Jean Marc"]
[Result "0-1"]
[WhiteElo "2375"]
[BlackElo "2612"]
[PlyCount "92"]
[EventDate "2002.07.13"]
[EventType "swiss"]
[EventRounds "9"]
[EventCountry "CAN"]

1. e4 c5 2. Ne2 Nc6 3. c4 d6 4. Nbc3 g6 5. d4 cxd4 6. Nxd4 Nf6 7. f3 Nxd4 8.
Qxd4 Bg7 9. Be3 O-O 10. Qd2 Qa5 11. Be2 Be6 12. O-O Rfc8 13. Rac1 Nd7 14. Rfd1
a6 15. a3 Kf8 16. Nd5 Qxd2 17. Rxd2 Bxd5 18. exd5 a5 19. b3 b5 20. b4 axb4 21.
axb4 bxc4 22. Rdc2 c3 23. f4 f5 24. Bb5 Nf6 25. Bc6 Ra3 26. Kf1 e6 27. Rd1 Rb3
28. b5 Nxd5 29. Bxd5 exd5 30. Rxd5 Rb2 31. Rc1 Re8 32. Bd4 Bxd4 33. Rxd4 Ree2
34. g3 Rxh2 35. Kg1 Rbg2+ 36. Kf1 Rxg3 37. Rc4 Rh1+ 38. Kf2 Rxc1 39. Kxg3 c2
40. Kh2 d5 41. Rc8+ Kg7 42. b6 d4 43. Rc7+ Kh6 44. b7 Rb1 45. Rxc2 Rxb7 46. Rc8
Rd7 0-1